| 000 | 01227cam a2200337 i 4500 | ||
|---|---|---|---|
| 001 | 21857237 | ||
| 003 | OSt | ||
| 005 | 20240717122023.0 | ||
| 008 | 210104s2021 nju b 001 0 eng | ||
| 010 | _a 2020057459 | ||
| 020 | _a9811229343 | ||
| 040 |
_aDLC _beng _erda _cDLC _dDLC |
||
| 042 | _apcc | ||
| 050 | 0 | 0 |
_aQA297 _b.L36 2021 |
| 100 | 1 | _aLambers, James V., | |
| 245 | 1 | 0 |
_aExplorations in numerical analysis : _bPython edition / _cJames V. Lambers, Amber Sumner Mooney, Vivian A. Montiforte. |
| 264 | 1 |
_aNew Jersey : _bWorld Scientific Publishing Co., _c2021 |
|
| 300 | _axv, 674 p. | ||
| 336 |
_atext _btxt _2rdacontent |
||
| 337 |
_aunmediated _bn _2rdamedia |
||
| 338 |
_avolume _bnc _2rdacarrier |
||
| 504 | _aIncludes bibliographical references (pages 657-666) and index. | ||
| 650 | 0 | _aNumerical analysis. | |
| 650 | 0 |
_aNumerical analysis _vProblems, exercises, etc. |
|
| 650 | 0 | _aPython (Computer program language) | |
| 700 | 1 |
_aMooney, Amber Sumner, _eauthor. |
|
| 700 | 1 |
_aMontiforte, Vivian A., _eauthor. |
|
| 906 |
_a7 _bcbc _corignew _d1 _eecip _f20 _gy-gencatlg |
||
| 942 |
_2lcc _cBK |
||
| 999 |
_c20483 _d20482 |
||